Tilastot visalle 15 maata joissa on eniten Covid-19-tapauksia - 10. marraskuuta 2021

Klikkaa tästä pelataksesi tätä visaa!

Yleistilastot

  • Tätä visaa on pelattu 4 kertaa
  • Keskiarvotulos 14 / 27

Vastaustilastot

maa% Oikein
Brasilia
100%
Intia
100%
Meksiko
100%
Venäjä
100%
Yhdysvallat
100%
Espanja
75%
Ranska
75%
Saksa
75%
Yhdistynyt
kuningaskunta
75%
Belgia
50%
Indonesia
50%
Iran
50%
Italia
50%
Kolumbia
50%
Latvia
50%
Liettua
50%
Viro
50%
Argentiina
25%
Georgia
25%
Israel
25%
Kroatia
25%
Serbia
25%
Slovenia
25%
Tšekki
25%
Turkki
25%
Alankomaat
0%
Bahrain
0%

Tulosjakauma

Persentiili vastausten määrän mukaan

Jokaisen tuloksen saaneiden osuus

Tuloshistoriasi

Et ole pelannut tätä visaa